| 000 | 00905nam a2200253Ia 4500 | ||
|---|---|---|---|
| 001 | Z_5953 | ||
| 008 | 220601s9999 xx 000 0 und d | ||
| 020 | _a978-84-8319-459-1 | ||
| 082 | _a635.974 D37 | ||
| 100 |
_aDarwin, Charles, 1809-1882 _9143526 |
||
| 245 | _aLos movimientos y hábitos de las plantas trepadoras / Charles Darwin ; traducción e introducción Susana Pinar | ||
| 260 | _aEspaña : Catarata : CSIC : UNAM : AMC | ||
| 300 | _a198 p. | ||
| 440 |
_aBiblioteca darwiniana _9124619 |
||
| 500 | _aTraducido de la obra en inglés: The movements and habits of climbing plants | ||
| 503 | _aej.1: C/E | ||
| 650 |
_a1. Plantas trepadoras 2. Plantas - Irritabilidad y movimientos _9182955 |
||
| 700 |
_aI. Pinar, Susana, tr.Ì _9182956 |
||
| 901 | _a635.974 D37 | ||
| 902 | _aM | ||
| 905 | _a000000c2009 sp a 0000000000spa00 | ||
| 942 | _c1 | ||
| 999 |
_c217029 _d217029 |
||